Mythe et épopée / (Record no. 13019)

MARC details
000 -LEADER
campo de control de longitud fija 00947nam a2200277 i 4500
001 - NÚMERO DE CONTROL
campo de control 13019
003 - IDENTIFICADOR DE NÚMERO DE CONTROL
campo de control ES-MaACL
005 - FECHA Y HORA DE LA ÚLTIMA TRANSACCIÓN
campo de control 20230906150454.0
007 - CAMPO FIJO DE DESCRIPCIÓN FÍSICA--INFORMACIÓN GENERAL
campo de control de longitud fija t|
008 - DATOS DE LONGITUD FIJA--INFORMACIÓN GENERAL
campo de control de longitud fija 971030s1995 fr ||||1| fre d
020 ## - NÚMERO INTERNACIONAL ESTÁNDAR DEL LIBRO
Número Internacional Estándar del Libro 2-07-073656-3
080 ## - NÚMERO DE LA CLASIFICACIÓN DECIMAL UNIVERSAL
Número de la Clasificación Decimal Universal 299.1
080 ## - NÚMERO DE LA CLASIFICACIÓN DECIMAL UNIVERSAL
Número de la Clasificación Decimal Universal 292.21
100 1# - ENTRADA PRINCIPAL--NOMBRE DE PERSONA
Nombre de persona Dumézil, Georges.
9 (RLIN) 46001
245 10 - MENCIÓN DEL TÍTULO
Título Mythe et épopée /
Mención de responsabilidad, etc. Georges Dumézil ; préface de Joël H. Grisward.
260 ## - PUBLICACIÓN, DISTRIBUCIÓN, ETC.
Lugar de publicación, distribución, etc. Paris :
Nombre del editor, distribuidor, etc. Gallimard,
Fecha de publicación, distribución, etc. 1995.
300 ## - DESCRIPCIÓN FÍSICA
Extensión 1463 p. ;
Dimensiones 21 cm.
490 1# - MENCIÓN DE SERIE
Mención de serie Quarto
500 ## - NOTA GENERAL
Nota general Contiene en un vol. : I. L'idéologie des trois fonctions dans les épopées des peuples indo-européens II. Types épiques indo-européens: un héros, un sorcier, un roi III. Histoires romaines.
650 14 - PUNTO DE ACCESO ADICIONAL DE MATERIA--TÉRMINO DE MATERIA
Término de materia o nombre geográfico como elemento de entrada Mitología indoeuropea.
9 (RLIN) 15108
650 14 - PUNTO DE ACCESO ADICIONAL DE MATERIA--TÉRMINO DE MATERIA
Término de materia o nombre geográfico como elemento de entrada Mitología romana.
9 (RLIN) 15109
700 1# - ENTRADA AGREGADA--NOMBRE PERSONAL
Nombre de persona Grisward, Joël H.
9 (RLIN) 60093
830 0# - PUNTO DE ACCESO ADICIONAL DE SERIE-TÍTULO UNIFORME
Título uniforme Quarto
9 (RLIN) 185277
852 ## - LOCALIZACIÓN
Ubicación ES-MaACL
Número de control de estantería L-20331
Sublocalización o colección R.125031
Holdings
Estatus retirado Estado de pérdida Estado de daño No para préstamo Biblioteca de origen Biblioteca actual Ubicación en estantería Fecha de adquisición Fuente de adquisición Total de préstamos Signatura topográfica completa Código de barras Visto por última vez Precio de reemplazo Tipo de ítem Koha
        Biblioteca del Ateneo de Madrid Biblioteca del Ateneo de Madrid Depósito 2 17/01/2008     L-20331 1013259 23/02/2023 23/02/2023 Libro impreso